000 00696 a2200229 4500
005 20260415124444.0
008 260415b |||||||| |||| 00| 0 eng d
020 _a97881969274093 (hbk)
037 _cTB
040 _aCRL
_cCRL
041 _2URD
_aURD
084 _aNW44v 168R5
_qCRL
100 _aQaimi, Muntazir
_91115704
245 _aCinemai chehre
260 _aNew Delhi, India:
_bNaamak Publications,
_c2025.
300 _a135p.
365 _b399.00
_cINR
650 _aMotion Pictures-India
_9815884
650 _aHistory
942 _cTB
_2CC
_hNW44v 168R5
999 _c1679611
_d1679611